Central Library OPAC University of Rajshahi

A history of Japan / (Record no. 25038)

MARC details
000 -LEADER
fixed length control field 01461cam a2200313 a 4500
001 - CONTROL NUMBER
control field 25038
003 - CONTROL NUMBER IDENTIFIER
rucl marc code BD-RjUL
005 - DATE AND TIME OF LATEST TRANSACTION
control field 20211209050824.0
008 - FIXED-LENGTH DATA ELEMENTS--GENERAL INFORMATION
fixed length control field 140316s1949 enkbj 001 0 eng d
035 ## - SYSTEM CONTROL NUMBER
System control number (BD-RjUL)25107
System control number (BD-RjUL)
040 ## - CATALOGING SOURCE
Original cataloging agency ANL
Language of cataloging eng
Transcribing agency ANL
Modifying agency ANL:NR
-- ANL
-- BD-RjUL
041 ## - LANGUAGE CODE
Language code of text/sound track or separate title eng
082 04 - DEWEY DECIMAL CLASSIFICATION NUMBER
Classification number 952
Edition number 19
Author mark and year MUH
100 1# - MAIN ENTRY--PERSONAL NAME
Personal name Murdoch, James,
Dates associated with a name 1856-1921.
9 (RLIN) 77021
245 12 - TITLE STATEMENT
Title A history of Japan /
Statement of responsibility, etc. by James Murdoch ; with maps by Isoh Yamagata.
Number of part/section of a work Volume I
Name of part/section of a work From the origins to the Arrival of the portuguese in 1542 A.D.
260 ## - PUBLICATION, DISTRIBUTION, ETC. (IMPRINT)
Place of publication, distribution, etc. London :
Name of publisher, distributor, etc. Routledge & Kegan Paul,
Date of publication, distribution, etc. 1949.
300 ## - PHYSICAL DESCRIPTION
Pagination viii, 667 p. :
Illustrations ill., geneal. table, maps ;
Size 23 cm.
500 ## - GENERAL NOTE
General note "In collaboration with Isoh Yamagata" -- v. 2.
General note "Third impression" -- v. 1 and 2.
General note "Revised and edited by Joseph H. Longford" -- v. 3
General note Vol. 3 is dated 1926 and is identical to v. 3 of the 1925-1926 ed. except that it is 2 cm. shorter and the publisher's name on the spine is "Routledge & Kegan Paul" instead of "Kegan Paul".
504 ## - BIBLIOGRAPHY, ETC. NOTE
Bibliography, etc Includes indexes.
505 0# - FORMATTED CONTENTS NOTE
Formatted contents note v.1. From the origins to the arrival of the Portuguese in 1542 A.D. -- v.2. During the century of early foreign intercourse (1542-1651) --v.3. The Tokugawa epoch, 1652-1868.
651 #0 - SUBJECT ADDED ENTRY--GEOGRAPHIC NAME
Geographic name Japan
General subdivision History
Chronological subdivision To 1868.
9 (RLIN) 77022
700 1# - ADDED ENTRY--PERSONAL NAME
Personal name Yamagata, Isoh.
Personal name Longford, Joseph H.
Fuller form of name (Joseph Henry),
Dates associated with a name 1849-1925.
942 ## - ADDED ENTRY ELEMENTS (KOHA)
Source of classification or shelving scheme Dewey Decimal Classification
Koha item type Books
Holdings
Lost status Source of classification or shelving scheme Damaged status Not for loan Collection code Permanent Location Current Location Shelving location Date acquired Source of acquisition Cost, normal purchase price Total Checkouts Full call number Date last seen Copy number Koha item type
  Dewey Decimal Classification   Added to bundle Non-fiction Central Library, University of Rajshahi Central Library, University of Rajshahi Reading Room 25/11/1957 Pak american commerical 37.80   952 MUH V-1 1949 16/03/2014 C-1 Books